Statistics for African Capitals That Start with Letter L

Click here to take the quiz!

General Stats

  • This quiz has been taken 76 times
  • The average score is 4 of 5

Answer Stats

Capital% Correct
Luanda
94%
Lomé
84%
Lusaka
84%
Lilongwe
76%
Libreville
69%

Score Distribution

Percentile by Number Answered

Percent of People with Each Score

Your Score History

You have not taken this quiz